000 00438cam a2200145 4500500
005 20260322014251.0
041 _afre
042 _adc
100 1 0 _aBegaud, Xavier
_eauthor
245 0 0 _aAntenna technologies
260 _c2026.
500 _a47
786 0 _nRadar technologies and their applications | - | 2026-03-05 | p. 9-9
856 4 1 _uhttps://stm.cairn.info/radar--bdti42591210-e3282-page-9?lang=en&redirect-ssocas=7080
999 _c1787700
_d1787700